000
00250nam a2200097Ia 4500
082
_a
EKF WONG
245
0
_a
Ten bean brothers
100
_a
Wong, Verina Singapore, [c.2009]
_9
38100
942
_c
BK
008
210816s9999 xx 000 0 und d
999
_c
135667
_d
135666